Song Title to Artist Click Quiz - Metal - Statistics

General Stats
  • This quiz has been taken 392 times
  • The average score is 14 of 20
Answer Stats
Hint Answer % Correct
Du hast Rammstein
87%
Chop Suey! System of a Down
84%
In the End Linkin Park
83%
Crazy Train Ozzy Osbourne
83%
Killing In the Name Rage Against the Machine
83%
For Whom the Bell Tolls Metallica
81%
Iron Man Black Sabbath
78%
Freak on a Leash Korn
78%
Run to the Hills Iron Maiden
72%
Breaking the Law Judas Priest
72%
Down With the Sickness Disturbed
71%
Psychosocial Slipknot
70%
Rollin (Air Raid Vehicle) Limp Bizkit
68%
Symphony of Destruction Megadeth
65%
Cowboys from Hell Pantera
62%
Raining Blood Slayer
62%
Can You Feel My Heart Bring Me the Horizon
60%
Be Quiet and Drive (Far Away) Deftones
60%
Schism TOOL
59%
Bat Country Avenged Sevenfold
54%
No matching quizzes found
Score Distribution
Percent of People with Each Score
Percentile by Number Answered
Your Score History
You have not taken this quiz